WCST: test de clasificación de tarjetas de Wisconsin. Manual

I tiakina i:
Ngā taipitopito rārangi puna kōrero
Ngā kaituhi matua: Heaton, Robert K (Author), Chelune, Gordon J (Author), Talley, Jack L (Author), Kay, Gary G (Author), Curtiss, Glenn (Author)
Hōputu: Pukapuka
Reo:Pāniora
I whakaputaina: Madrid TEA Ediciones 2009
Putanga:3a. ed
Ngā marau:
Ngā Tūtohu: Tāpirihia he Tūtohu
Kāore He Tūtohu, Me noho koe te mea tuatahi ki te tūtohu i tēnei pūkete!

MARC

LEADER 00000cam a2200000 a 4500
001 UCC3869
003 CL-VaPUC
008 180622e20090000sp |||||||||||||||||spa|d
020 |a 9788471749963 
082 0 4 |a 155.284  |b HEA  |2 21 
100 0 |a Heaton, Robert K  |e author  |9 597983 
700 0 |a Chelune, Gordon J  |e author  |9 597984 
700 0 |a Talley, Jack L  |e author  |9 597985 
700 0 |a Kay, Gary G  |e author  |9 597986 
700 0 |a Curtiss, Glenn  |e author  |9 597987 
245 1 0 |a WCST: test de clasificación de tarjetas de Wisconsin. Manual 
250 |a 3a. ed 
300 |a 176 p 
942 |c BK 
945 |d 20180622 13:48:00  |a dcastane 
260 |a Madrid  |b TEA Ediciones  |c 2009 
500 |a Portafolio incluye 4 cuadernillos de anotación y caja con 2 sets de tarjetas 
650 0 |a Tests psicológicos  |9 308644 
650 0 |a Neuropsicología  |9 270837 
583 |a last modification  |c 20180622 13:48:00  |k Rodrigo Vera 
999 |c 371537  |d 371535